| 000 | 00000nam##2200000za#4500 |
| 001 | 9.700126 |
| 003 | CaOODSP |
| 005 | 20241203113638 |
| 007 | cr ||||||||||| |
| 008 | 150407|2014||||xxc|||||o f|0| 0 eng|d |
| 020 | |a978-1-100-25349-7 |
| 040 | |aCaOODSP|beng |
| 043 | |an-cn--- |
| 086 | 1 |aEn4-137/1-2014E-PDF |
| 110 | 1 |aCanada. |bEnvironment Canada. |
| 245 | 10|aProgress report on the Lake Winnipeg Basin Initiative 2012-13 and 2013-14 |h[electronic resource] |
| 260 | |aOttawa - Ontario : |bEnvironment Canada |cc2014. |
| 300 | |a42p.|bmaps, photographs |
| 590 | |a15-07|b2015-02-13 |
| 690 | 07|aEnvironmental management|2gcpds |
| 690 | 07|aStewardship|2gcpds |
| 775 | 08|tProjets et activités scientifiques sur l'initiative du bassin du lac Winnipeg, 2012-13-2013-14 |w(CaOODSP)9.644028 |
| 776 | 0#|tProgress report on the Lake Winnipeg Basin Initiative 2012-13 and 2013-14 |w(CaOODSP)9.652822 |
| 856 | 40|ahttp://publications.gc.ca|qPDF|s2.12 MB|uhttps://publications.gc.ca/collections/collection_2015/ec/En4-137-1-2014-eng.pdf |